The study skills handbook / (Record no. 20899)
[ view plain ]
| 000 -LEADER | |
|---|---|
| fixed length control field | 00987nam a2200313 i 4500 |
| 001 - CONTROL NUMBER | |
| control field | 016236378 |
| 003 - CONTROL NUMBER IDENTIFIER | |
| control field | EG-ScBUE |
| 005 - DATE AND TIME OF LATEST TRANSACTION | |
| control field | 20230216070025.0 |
| 008 - FIXED-LENGTH DATA ELEMENTS--GENERAL INFORMATION | |
| fixed length control field | 121219s2013 enka f bd 001 0 eng d |
| 020 ## - INTERNATIONAL STANDARD BOOK NUMBER | |
| International Standard Book Number | 9781137289254 (pbk.) |
| 040 ## - CATALOGING SOURCE | |
| Original cataloging agency | StDuBDS |
| Language of cataloging | eng |
| Description conventions | rda |
| Transcribing agency | StDuBDS |
| Modifying agency | Uk |
| -- | EG-ScBUE |
| 082 04 - DEWEY DECIMAL CLASSIFICATION NUMBER | |
| Classification number | 378.170281 |
| Item number | COT |
| Edition number | 22 |
| 100 1# - MAIN ENTRY--PERSONAL NAME | |
| Personal name | Cottrell, Stella, |
| Relator term | author. |
| 9 (RLIN) | 38025 |
| 245 14 - TITLE STATEMENT | |
| Title | The study skills handbook / |
| Statement of responsibility, etc | Stella Cottrell. |
| 250 ## - EDITION STATEMENT | |
| Edition statement | Fourth edition. |
| 264 #1 - PUBLICATION, DISTRIBUTION, ETC. (IMPRINT) | |
| Place of publication, distribution, etc | Hampshire : |
| Name of publisher, distributor, etc | Palgrave Macmillan Ltd., |
| Date of publication, distribution, etc | 2013. |
| 300 ## - PHYSICAL DESCRIPTION | |
| Extent | vi, 426 pages : |
| Other physical details | color illustrations ; |
| Dimensions | 25 cm. |
| 336 ## - CONTENT TYPE | |
| Source | rdacontent |
| Content type term | text |
| Content type code | txt |
| 337 ## - MEDIA TYPE | |
| Source | rdamedia |
| Media type term | unmediated |
| Media type code | n |
| 338 ## - CARRIER TYPE | |
| Source | rdacarrier |
| Carrier type term | volume |
| Carrier type code | nc |
| 490 0# - SERIES STATEMENT | |
| Series statement | Palgrave study skills |
| 500 ## - GENERAL NOTE | |
| General note | Includes glossary.<br/> |
| 504 ## - BIBLIOGRAPHY, ETC. NOTE | |
| Bibliography, etc | Includes bibliographical references and index.<br/> |
| 650 #7 - SUBJECT ADDED ENTRY--TOPICAL TERM | |
| Topical term or geographic name as entry element | Study skills. |
| Source of heading or term | BUEsh |
| 9 (RLIN) | 14009 |
| 651 ## - SUBJECT ADDED ENTRY--GEOGRAPHIC NAME | |
| Source of heading or term | BUEsh |
| 653 ## - INDEX TERM--UNCONTROLLED | |
| Resource For college | BAEPS, Business Administration |
| Arrived date list | October2015 |
| 655 ## - INDEX TERM--GENRE/FORM | |
| Form subdivision | Text book |
| 942 ## - ADDED ENTRY ELEMENTS (KOHA) | |
| Source of classification or shelving scheme | Dewey Decimal Classification |
| Koha item type | Book - Borrowing |
| Withdrawn status | Lost status | Source of classification or shelving scheme | Damaged status | Not for loan | Collection code | Home library | Current library | Shelving location | Date acquired | Source of acquisition | Total Checkouts | Full call number | Barcode | Date last seen | Koha item type | Total Renewals | Date checked out | Price effective from |
|---|---|---|---|---|---|---|---|---|---|---|---|---|---|---|---|---|---|---|
| Dewey Decimal Classification | Baccah | Central Library | Central Library | First floor | 12/10/2015 | Purchase | 378.170281 COT | 000039879 | 15/07/2025 | NB - Book (Non borrowing) | ||||||||
| Dewey Decimal Classification | Baccah | Central Library | Central Library | First floor | 26/10/2015 | Purchase | 6 | 378.170281 COT | 000031172 | 15/07/2025 | Book - Borrowing | 2 | 26/11/2018 | 26/10/2015 | ||||
| Dewey Decimal Classification | Baccah | Central Library | Central Library | First floor | 26/10/2015 | Purchase | 3 | 378.170281 COT | 000031173 | 15/07/2025 | Book - Borrowing | 3 | 13/12/2018 | 26/10/2015 | ||||
| Dewey Decimal Classification | Baccah | Central Library | Central Library | First floor | 26/10/2015 | Purchase | 2 | 378.170281 COT | 000031174 | 15/07/2025 | Book - Borrowing | 31 | 15/10/2016 | 26/10/2015 | ||||
| Dewey Decimal Classification | Baccah | Central Library | Central Library | First floor | 26/10/2015 | Purchase | 3 | 378.170281 COT | 000031175 | 15/07/2025 | Book - Borrowing | 20/10/2018 | 26/10/2015 |